00673nam a2200193Ia 450000500170000000800410001704000190005804100120007708200160008924501200010526000430022530000110026865000400027970000230031985000100034294200070035299900170035995201030037620230213134548.0131103s9999 xx 000 0 und d aLoreto College aEnglish a820.8AbWAN 4aThe Australianb yarns, ballads, legends and traditions of the Austrilian people cGathered together by Bill Wannan aMelbournbAustralian Book ocietyc1954 a290p.  aAustrilian literature - Collections aWannan, Bill; com. aLCLIB cBK c21045d71524 00102ddc4070aMAINbMAINd2013-11-04l0o820.8A WAN 15410pB23102r2013-11-04w2013-11-04yBKf